[Event "CXU Nytår 2015 Øbro"]
[Site "?"]
[Date "2015.12.29"]
[Round "5.1"]
[White "Haubro, 2365, FM Martin"]
[Black "Hector, 2499, GM Jonny"]
[Result "0-1"]
[BlackElo "2499"]
[WhiteElo "2365"]
[LiveChessVersion "1.4.6"]

1. e4 {[%clk 1:59:57]} e5 {[%clk 1:59:56]} 2. Nf3 {[%clk 1:59:54]} Nc6
{[%clk 1:59:44]} 3. Bb5 {[%clk 1:59:50]} a6 {[%clk 1:59:27]} 4. Ba4
{[%clk 1:59:46]} d6 {[%clk 1:59:13]} 5. c3 {[%clk 1:41:27]} f5 {[%clk 1:58:54]}
6. exf5 {[%clk 1:29:26]} Bxf5 {[%clk 1:58:44]} 7. d4 {[%clk 1:18:22]} e4
{[%clk 1:58:34]} 8. Ng5 {[%clk 1:17:27]} h6 {[%clk 1:51:43]} 9. d5
{[%clk 0:59:20]} b5 {[%clk 1:50:30]} 10. Bc2 {[%clk 0:59:13]} hxg5
{[%clk 1:49:45]} 11. dxc6 {[%clk 0:59:10]} Qf6 {[%clk 1:47:15]} 12. a4
{[%clk 0:58:02]} d5 {[%clk 1:26:57]} 13. Qd4 {[%clk 0:44:51]} bxa4
{[%clk 1:22:28]} 14. Be3 {[%clk 0:40:28]} Rb8 {[%clk 1:16:31]} 15. Bxa4
{[%clk 0:26:38]} Rxb2 {[%clk 1:13:58]} 16. Qxd5 {[%clk 0:25:53]} Bd6
{[%clk 1:11:27]} 17. Qa5 {[%clk 0:17:59]} Nh6 {[%clk 1:01:22]} 18. Nd2
{[%clk 0:17:02]} Ng4 {[%clk 1:00:26]} 19. Nc4 {[%clk 0:14:36]} Nxe3
{[%clk 0:59:29]} 20. Nxe3 {[%clk 0:13:35]} Be6 {[%clk 0:56:03]} 21. Nd1
{[%clk 0:10:39]} e3 {[%clk 0:54:45]} 22. Rf1 {[%clk 0:07:19]} exf2+
{[%clk 0:52:18]} 23. Rxf2 {[%clk 0:07:12]} Bg3 {[%clk 0:51:25]} 0-1

[Event "CXU Nytår 2015 Øbro"]
[Site "?"]
[Date "2015.12.29"]
[Round "5.2"]
[White "Arni Nilssen, 2262, IM John"]
[Black "Mørch Lauridsen, 2320, FM Jesper"]
[Result "1-0"]
[BlackElo "2320"]
[WhiteElo "2262"]
[LiveChessVersion "1.4.6"]

1. d4 {[%clk 1:59:57]} d5 {[%clk 1:59:52]} 2. c4 {[%clk 1:59:51]} e6
{[%clk 1:59:48]} 3. Nf3 {[%clk 1:59:46]} c5 {[%clk 1:59:42]} 4. e3
{[%clk 1:59:42]} Nf6 {[%clk 1:59:12]} 5. a3 {[%clk 1:59:35]} dxc4
{[%clk 1:58:01]} 6. Bxc4 {[%clk 1:59:12]} a6 {[%clk 1:57:51]} 7. O-O
{[%clk 1:58:53]} b5 {[%clk 1:57:26]} 8. Ba2 {[%clk 1:54:56]} cxd4
{[%clk 1:55:13]} 9. exd4 {[%clk 1:52:41]} Bb7 {[%clk 1:54:58]} 10. Nc3
{[%clk 1:52:01]} Be7 {[%clk 1:54:34]} 11. Bg5 {[%clk 1:50:47]} O-O
{[%clk 1:53:58]} 12. Qd3 {[%clk 1:49:31]} b4 {[%clk 1:47:49]} 13. Bb1
{[%clk 1:29:37]} g6 {[%clk 1:46:41]} 14. axb4 {[%clk 1:17:28]} Nc6
{[%clk 1:46:04]} 15. Qd2 {[%clk 1:00:02]} Nxb4 {[%clk 1:32:48]} 16. Ne5
{[%clk 0:51:56]} Nc6 {[%clk 1:27:30]} 17. Rd1 {[%clk 0:51:15]} Nd5
{[%clk 1:18:50]} 18. Bh6 {[%clk 0:45:12]} Nxc3 {[%clk 1:02:37]} 19. Nxc6
{[%clk 0:35:31]} Bxc6 {[%clk 0:59:39]} 20. Qxc3 {[%clk 0:29:05]} Qd5
{[%clk 0:50:49]} 21. Be4 {[%clk 0:27:04]} Qxe4 {[%clk 0:49:17]} 22. d5
{[%clk 0:26:46]} e5 {[%clk 0:46:10]} 23. Bxf8 {[%clk 0:24:35]} Bxf8
{[%clk 0:45:09]} 24. dxc6 {[%clk 0:23:03]} Bb4 {[%clk 0:44:38]} 25. Qb3
{[%clk 0:21:17]} Bc5 {[%clk 0:42:36]} 26. c7 {[%clk 0:16:51]} Kg7
{[%clk 0:42:21]} 27. Rac1 {[%clk 0:13:17]} 1-0

[Event "CXU Nytår 2015 Øbro"]
[Site "?"]
[Date "2015.12.29"]
[Round "5.3"]
[White "Freyr Heimisson, 1947, Hilmir"]
[Black "Nordenbæk Pedersen, 2213, Jan"]
[Result "1/2-1/2"]
[BlackElo "2213"]
[WhiteElo "1947"]
[LiveChessVersion "1.4.6"]

1. d4 {[%clk 1:59:56]} Nf6 {[%clk 1:59:44]} 2. Nf3 {[%clk 1:59:46]} e6
{[%clk 1:58:30]} 3. Bg5 {[%clk 1:59:31]} d5 {[%clk 1:56:33]} 4. Nbd2
{[%clk 1:59:13]} Nbd7 {[%clk 1:52:19]} 5. e3 {[%clk 1:57:20]} c5 {[%clk 1:51:28]}
6. c3 {[%clk 1:55:06]} Be7 {[%clk 1:50:51]} 7. Bd3 {[%clk 1:53:40]} a6
{[%clk 1:42:51]} 8. a4 {[%clk 1:48:09]} b6 {[%clk 1:41:56]} 9. O-O
{[%clk 1:47:45]} Bb7 {[%clk 1:41:37]} 10. Re1 {[%clk 1:45:49]} Ne4
{[%clk 1:39:27]} 11. Bf4 {[%clk 1:43:24]} g5 {[%clk 1:36:50]} 12. Be5
{[%clk 1:33:19]} Rg8 {[%clk 1:17:16]} 13. h3 {[%clk 1:28:19]} h5 {[%clk 1:16:43]}
14. Bxe4 {[%clk 1:20:49]} dxe4 {[%clk 1:15:45]} 15. Nh2 {[%clk 1:20:00]} Nxe5
{[%clk 1:12:53]} 16. dxe5 {[%clk 1:19:52]} Qd5 {[%clk 1:12:40]} 17. Qe2
{[%clk 1:15:27]} Qxe5 {[%clk 1:03:00]} 18. Nc4 {[%clk 1:09:27]} Qc7
{[%clk 1:02:34]} 19. a5 {[%clk 1:08:47]} b5 {[%clk 1:02:25]} 20. Nb6
{[%clk 1:08:23]} Rd8 {[%clk 1:02:05]} 21. Qxh5 {[%clk 1:03:48]} c4
{[%clk 1:00:42]} 22. Rad1 {[%clk 1:00:39]} Rd3 {[%clk 0:59:54]} 23. Qh7
{[%clk 0:57:47]} Rf8 {[%clk 0:39:51]} 24. Ng4 {[%clk 0:56:30]} Qd8
{[%clk 0:33:26]} 25. Rb1 {[%clk 0:47:36]} Bf6 {[%clk 0:32:11]} 26. Qh6
{[%clk 0:45:55]} Bh8 {[%clk 0:31:18]} 27. Rf1 {[%clk 0:40:51]} Qe7
{[%clk 0:30:12]} 28. Qh5 {[%clk 0:39:49]} Kd8 {[%clk 0:29:49]} 29. b3
{[%clk 0:38:45]} f5 {[%clk 0:27:18]} 30. Nh2 {[%clk 0:37:15]} cxb3
{[%clk 0:25:08]} 31. Rxb3 {[%clk 0:36:27]} Bxc3 {[%clk 0:19:08]} 32. Rd1
{[%clk 0:34:15]} b4 {[%clk 0:15:47]} 33. Na4 {[%clk 0:32:00]} Bd5
{[%clk 0:15:26]} 34. Rbb1 {[%clk 0:31:03]} Rxd1+ {[%clk 0:02:32]} 35. Qxd1
{[%clk 0:30:44]} Qc7 {[%clk 0:01:28]} 36. Nb6 {[%clk 0:29:46]} Qc6
{[%clk 0:01:14]} 37. Nf1 {[%clk 0:29:20]} Ke7 {[%clk 0:00:53]} 38. Qh5
{[%clk 0:25:45]} g4 {[%clk 0:00:24]} 39. hxg4 {[%clk 0:24:17]} fxg4
{[%clk 0:00:13]} 40. Qxg4 {[%clk 0:23:45]} b3 {[%clk 0:00:05]} 41. Qe2
{[%clk 0:20:46]} Bxa5 {[%clk 0:25:58]} 42. Nxd5+ {[%clk 0:50:21]} Qxd5
{[%clk 0:24:39]} 43. Qxa6 {[%clk 0:49:54]} Ra8 {[%clk 0:22:52]} 44. Qe2
{[%clk 0:49:13]} Bc3 {[%clk 0:22:32]} 45. Rd1 {[%clk 0:47:55]} Qxd1
{[%clk 0:17:28]} 46. Qxd1 {[%clk 0:47:46]} b2 {[%clk 0:17:25]} 47. Qb3
{[%clk 0:46:15]} Ra1 {[%clk 0:17:08]} 48. Qxc3 {[%clk 0:45:44]} b1=Q
{[%clk 0:16:15]} 49. Qc7+ {[%clk 0:45:40]} Ke8 {[%clk 0:15:14]} 50. Qc8+
{[%clk 0:45:17]} Kf7 {[%clk 0:14:20]} 51. Qd7+ {[%clk 0:45:04]} Kf6
{[%clk 0:14:13]} 52. Qd8+ {[%clk 0:42:57]} Ke5 {[%clk 0:12:06]} 53. Qh8+
{[%clk 0:42:37]} Kd5 {[%clk 0:10:18]} 54. Qd8+ {[%clk 0:42:28]} Ke5
{[%clk 0:07:19]} 55. Qh8+ {[%clk 0:42:21]} 1/2-1/2

[Event "CXU Nytår 2015 Øbro"]
[Site "?"]
[Date "2015.12.29"]
[Round "5.4"]
[White "Danielsen, 2502, GM Henrik"]
[Black "Ramsdal, 2182, Jens"]
[Result "1-0"]
[BlackElo "2182"]
[WhiteElo "2502"]
[LiveChessVersion "1.4.6"]

1. d4 {[%clk 1:57:03]} Nf6 {[%clk 1:59:53]} 2. Nf3 {[%clk 1:56:21]} g6
{[%clk 1:59:39]} 3. c4 {[%clk 1:54:31]} Bg7 {[%clk 1:59:33]} 4. g3
{[%clk 1:52:27]} O-O {[%clk 1:59:18]} 5. Bg2 {[%clk 1:52:21]} d6 {[%clk 1:59:04]}
6. Nc3 {[%clk 1:52:01]} Nbd7 {[%clk 1:58:55]} 7. O-O {[%clk 1:51:13]} e5
{[%clk 1:58:25]} 8. Qc2 {[%clk 1:44:28]} exd4 {[%clk 1:50:38]} 9. Nxd4
{[%clk 1:44:15]} Ng4 {[%clk 1:47:37]} 10. Rd1 {[%clk 1:40:10]} Nc5
{[%clk 1:44:31]} 11. h3 {[%clk 1:38:54]} Ne5 {[%clk 1:43:29]} 12. b3
{[%clk 1:36:53]} Bd7 {[%clk 1:22:07]} 13. Bb2 {[%clk 1:34:49]} a5
{[%clk 1:18:43]} 14. Nd5 {[%clk 1:29:29]} h5 {[%clk 1:03:44]} 15. f4
{[%clk 1:27:52]} Nc6 {[%clk 1:02:39]} 16. e4 {[%clk 1:14:18]} h4 {[%clk 0:52:14]}
17. Nb5 {[%clk 0:39:22]} Nb4 {[%clk 0:48:51]} 18. Nxb4 {[%clk 0:39:14]} axb4
{[%clk 0:48:25]} 19. Bxg7 {[%clk 0:37:39]} Kxg7 {[%clk 0:48:18]} 20. Qb2+
{[%clk 0:37:33]} Kg8 {[%clk 0:45:41]} 21. g4 {[%clk 0:36:55]} Bxb5
{[%clk 0:43:13]} 22. cxb5 {[%clk 0:36:49]} Qe7 {[%clk 0:33:09]} 23. Qd4
{[%clk 0:28:23]} Ne6 {[%clk 0:32:32]} 24. Qd2 {[%clk 0:28:07]} Ra3
{[%clk 0:22:42]} 25. Rac1 {[%clk 0:23:43]} Rfa8 {[%clk 0:21:45]} 26. Rc2
{[%clk 0:23:27]} R8a5 {[%clk 0:19:53]} 27. b6 {[%clk 0:19:38]} c5
{[%clk 0:19:18]} 28. Qf2 {[%clk 0:17:19]} Nd4 {[%clk 0:17:58]} 29. Rxd4
{[%clk 0:16:49]} cxd4 {[%clk 0:17:56]} 30. Rc8+ {[%clk 0:16:24]} Kg7
{[%clk 0:17:45]} 31. Qxd4+ {[%clk 0:15:53]} Re5 {[%clk 0:15:09]} 32. fxe5
{[%clk 0:15:12]} dxe5 {[%clk 0:15:07]} 33. Qf2 {[%clk 0:14:23]} 1-0

[Event "CXU Nytår 2015 Øbro"]
[Site "?"]
[Date "2015.12.29"]
[Round "5.5"]
[White "Bech Hansen, 2297, FM Søren"]
[Black "Winther Fredericia, 2079, WFM Louise"]
[Result "1-0"]
[BlackElo "2079"]
[WhiteElo "2297"]
[LiveChessVersion "1.4.6"]

1. e4 {[%clk 1:59:56]} c5 {[%clk 1:59:54]} 2. Nf3 {[%clk 1:59:30]} g6
{[%clk 1:59:43]} 3. Bc4 {[%clk 1:57:08]} Bg7 {[%clk 1:59:22]} 4. c3
{[%clk 1:56:33]} e6 {[%clk 1:59:03]} 5. d4 {[%clk 1:54:24]} cxd4 {[%clk 1:58:54]}
6. Nxd4 {[%clk 1:54:03]} a6 {[%clk 1:58:07]} 7. O-O {[%clk 1:52:16]} d6
{[%clk 1:57:42]} 8. Re1 {[%clk 1:43:43]} Qc7 {[%clk 1:52:02]} 9. Bb3
{[%clk 1:42:42]} Nf6 {[%clk 1:48:39]} 10. Bg5 {[%clk 1:36:00]} O-O
{[%clk 1:36:51]} 11. Nd2 {[%clk 1:34:15]} Nc6 {[%clk 1:22:43]} 12. a4
{[%clk 1:27:41]} b6 {[%clk 1:16:32]} 13. Nxc6 {[%clk 1:18:23]} Qxc6
{[%clk 1:16:11]} 14. Qf3 {[%clk 1:17:34]} Nd7 {[%clk 1:12:49]} 15. Qg3
{[%clk 1:13:14]} Nc5 {[%clk 0:45:35]} 16. Bc2 {[%clk 0:55:57]} e5
{[%clk 0:39:42]} 17. Qh4 {[%clk 0:48:16]} f5 {[%clk 0:30:17]} 18. Rad1
{[%clk 0:37:12]} Ne6 {[%clk 0:08:08]} 19. Bb3 {[%clk 0:34:27]} fxe4
{[%clk 0:04:16]} 20. Nxe4 {[%clk 0:33:29]} Kh8 {[%clk 0:03:02]} 21. Bd5
{[%clk 0:30:00]} Qxa4 {[%clk 0:02:38]} 22. Bxa8 {[%clk 0:29:38]} Bd7
{[%clk 0:01:46]} 23. Bd5 {[%clk 0:28:13]} Nxg5 {[%clk 0:01:41]} 24. Qxg5
{[%clk 0:27:46]} Bf5 {[%clk 0:01:20]} 1-0

[Event "CXU Nytår 2015 Øbro"]
[Site "?"]
[Date "2015.12.29"]
[Round "5.6"]
[White "Brustrup Petersen, 2046, Steen"]
[Black "Søndergård Thybo, 2289, FM Jesper"]
[Result "0-1"]
[BlackElo "2289"]
[WhiteElo "2046"]
[LiveChessVersion "1.4.6"]

1. c4 {[%clk 1:56:22]} Nf6 {[%clk 1:58:33]} 2. g3 {[%clk 1:56:13]} e6
{[%clk 1:58:24]} 3. Bg2 {[%clk 1:56:06]} d5 {[%clk 1:58:09]} 4. Nf3
{[%clk 1:55:35]} Be7 {[%clk 1:57:59]} 5. O-O {[%clk 1:55:21]} O-O
{[%clk 1:57:51]} 6. b3 {[%clk 1:55:05]} c5 {[%clk 1:56:55]} 7. e3
{[%clk 1:54:20]} Nc6 {[%clk 1:55:51]} 8. d4 {[%clk 1:53:36]} cxd4
{[%clk 1:53:14]} 9. exd4 {[%clk 1:53:32]} b6 {[%clk 1:53:03]} 10. Bb2
{[%clk 1:52:53]} Bb7 {[%clk 1:49:29]} 11. Nbd2 {[%clk 1:45:51]} Rc8
{[%clk 1:44:32]} 12. Ne5 {[%clk 1:38:07]} Qc7 {[%clk 1:43:45]} 13. Rc1
{[%clk 1:17:51]} Qb8 {[%clk 1:42:40]} 14. cxd5 {[%clk 1:10:23]} Nxe5
{[%clk 1:42:12]} 15. dxe5 {[%clk 1:10:20]} Nxd5 {[%clk 1:41:58]} 16. Qg4
{[%clk 0:52:44]} Rxc1 {[%clk 1:33:25]} 17. Rxc1 {[%clk 0:52:09]} Rc8
{[%clk 1:33:20]} 18. Rxc8+ {[%clk 0:50:02]} Qxc8 {[%clk 1:32:50]} 19. Qe4
{[%clk 0:39:56]} Qd7 {[%clk 1:30:09]} 20. h4 {[%clk 0:32:45]} Bc6
{[%clk 1:29:00]} 21. Nc4 {[%clk 0:23:24]} Nb4 {[%clk 1:27:47]} 22. Qd4
{[%clk 0:22:36]} Qxd4 {[%clk 1:26:57]} 23. Bxd4 {[%clk 0:22:32]} Bxg2
{[%clk 1:26:51]} 24. Kxg2 {[%clk 0:22:29]} Nxa2 {[%clk 1:26:47]} 25. Nd6
{[%clk 0:20:06]} Nb4 {[%clk 1:21:05]} 26. Nb5 {[%clk 0:12:49]} Nc6
{[%clk 1:20:23]} 27. Be3 {[%clk 0:11:24]} Kf8 {[%clk 1:19:32]} 28. f4
{[%clk 0:10:22]} Ke8 {[%clk 1:18:57]} 29. Kf3 {[%clk 0:10:11]} Kd7
{[%clk 1:18:32]} 30. Ke4 {[%clk 0:09:40]} Bb4 {[%clk 1:17:46]} 31. h5
{[%clk 0:08:51]} a6 {[%clk 1:16:19]} 32. Nd4 {[%clk 0:06:21]} Nxd4 33. Bxd4
{[%clk 0:06:14]} Kc6 {[%clk 1:15:51]} 34. g4 {[%clk 0:05:46]} a5 {[%clk 1:14:41]}
35. f5 {[%clk 0:04:52]} b5 {[%clk 1:14:31]} 36. g5 {[%clk 0:03:47]} exf5+
{[%clk 1:14:03]} 37. Kxf5 {[%clk 0:03:45]} Kd5 {[%clk 1:13:51]} 38. Bb2
{[%clk 0:03:12]} Bd2 {[%clk 1:04:45]} 39. g6 {[%clk 0:02:07]} hxg6+
{[%clk 1:04:26]} 40. hxg6 {[%clk 0:01:59]} fxg6+ {[%clk 1:04:21]} 41. Kxg6
{[%clk 0:01:29]} Ke6 {[%clk 1:03:58]} 42. Kxg7 {[%clk 0:00:36]} Bf4
{[%clk 1:03:50]} 0-1

[Event "CXU Nytår 2015 Øbro"]
[Site "?"]
[Date "2015.12.29"]
[Round "5.7"]
[White "Schou-Moldt, 2230, Thomas"]
[Black "Haarmark Nielsen, 2167, Viktor"]
[Result "1/2-1/2"]
[BlackElo "2167"]
[WhiteElo "2230"]
[LiveChessVersion "1.4.6"]

1. Nf3 {[%clk 1:59:40]} d5 {[%clk 1:59:36]} 2. g3 {[%clk 1:59:12]} Nf6
{[%clk 1:59:29]} 3. Bg2 {[%clk 1:58:54]} Bg4 {[%clk 1:58:11]} 4. c4
{[%clk 1:58:22]} c6 {[%clk 1:57:31]} 5. d4 {[%clk 1:57:25]} e6 {[%clk 1:55:30]}
6. Ne5 {[%clk 1:55:18]} Bf5 {[%clk 1:54:08]} 7. Nc3 {[%clk 1:53:44]} Be7
{[%clk 1:51:36]} 8. O-O {[%clk 1:49:39]} O-O {[%clk 1:50:41]} 9. Be3
{[%clk 1:44:14]} Nbd7 {[%clk 1:48:05]} 10. Nxd7 {[%clk 1:38:46]} Qxd7
{[%clk 1:47:23]} 11. Qb3 {[%clk 1:37:24]} dxc4 {[%clk 1:35:53]} 12. Qxc4
{[%clk 1:31:58]} Nd5 {[%clk 1:35:44]} 13. Qb3 {[%clk 1:30:03]} Nxe3
{[%clk 1:31:03]} 14. fxe3 {[%clk 1:30:01]} Bg5 {[%clk 1:16:58]} 15. Nd1
{[%clk 1:13:04]} Rad8 {[%clk 1:04:43]} 16. Nf2 {[%clk 1:12:35]} e5
{[%clk 1:00:55]} 17. Rad1 {[%clk 1:08:34]} Be6 {[%clk 0:42:45]} 18. Qc3
{[%clk 0:54:58]} Bh6 {[%clk 0:37:38]} 19. d5 {[%clk 0:30:23]} cxd5
{[%clk 0:36:32]} 20. Bxd5 {[%clk 0:30:19]} Bxd5 {[%clk 0:34:43]} 21. e4
{[%clk 0:30:17]} Qe6 {[%clk 0:33:14]} 22. exd5 {[%clk 0:29:37]} Rxd5
{[%clk 0:33:08]} 23. Rxd5 {[%clk 0:28:46]} Qxd5 {[%clk 0:32:59]} 24. Ng4
{[%clk 0:27:25]} Re8 {[%clk 0:26:25]} 25. Rf5 {[%clk 0:16:21]} Qd4+
{[%clk 0:22:43]} 26. Qxd4 {[%clk 0:16:08]} exd4 {[%clk 0:22:36]} 27. Rd5
{[%clk 0:16:03]} Bc1 {[%clk 0:20:14]} 28. b3 {[%clk 0:10:17]} h5 {[%clk 0:17:01]}
29. Ne5 {[%clk 0:08:42]} f6 {[%clk 0:12:49]} 30. Nc4 {[%clk 0:03:01]} Rxe2
{[%clk 0:10:55]} 31. Rxd4 {[%clk 0:02:18]} b5 {[%clk 0:04:57]} 32. Rd8+
{[%clk 0:02:10]} Kh7 {[%clk 0:04:54]} 33. Nd6 {[%clk 0:01:10]} Be3+
{[%clk 0:04:33]} 34. Kh1 {[%clk 0:01:01]} Rd2 {[%clk 0:03:32]} 35. Nb7
{[%clk 0:00:48]} Rxa2 {[%clk 0:03:31]} 36. Rd5 {[%clk 0:00:39]} g5
{[%clk 0:03:02]} 37. Rxb5 {[%clk 0:00:23]} Rd2 {[%clk 0:01:18]} 38. h3
{[%clk 0:00:17]} Bb6 {[%clk 0:01:07]} 39. Na5 {[%clk 0:00:07]} Bxa5
{[%clk 0:00:16]} 40. Rxa5 {[%clk 0:00:07]} Rd7 {[%clk 0:00:15]} 41. h4
{[%clk 0:22:32]} Kg6 {[%clk 0:29:53]} 42. hxg5 {[%clk 0:22:25]} fxg5
{[%clk 0:29:48]} 43. Kg2 {[%clk 0:21:09]} Rd2+ {[%clk 0:24:37]} 44. Kg1
{[%clk 0:20:49]} Rb2 {[%clk 0:23:35]} 45. Rxa7 {[%clk 0:19:32]} Kf5
{[%clk 0:22:43]} 46. Ra4 {[%clk 0:19:26]} Rb1+ {[%clk 0:22:03]} 47. Kg2
{[%clk 0:19:17]} Rb2+ {[%clk 0:21:58]} 48. Kg1 {[%clk 0:19:12]} Rxb3
{[%clk 0:21:54]} 49. Kg2 {[%clk 0:18:26]} Re3 {[%clk 0:20:13]} 50. g4+
{[%clk 0:10:05]} hxg4 {[%clk 0:19:55]} 51. Ra8 {[%clk 0:09:27]} Re2+
{[%clk 0:19:10]} 52. Kg3 {[%clk 0:09:18]} Re3+ {[%clk 0:19:05]} 53. Kg2
{[%clk 0:09:15]} Re6 {[%clk 0:18:29]} 54. Kg3 {[%clk 0:09:02]} Re3+
{[%clk 0:18:14]} 55. Kg2 {[%clk 0:08:57]} g3 {[%clk 0:18:10]} 56. Ra4
{[%clk 0:08:12]} Rb3 {[%clk 0:17:27]} 57. Rc4 {[%clk 0:06:52]} Ra3
{[%clk 0:16:12]} 58. Rb4 {[%clk 0:06:50]} Kg6 {[%clk 0:15:39]} 59. Rg4
{[%clk 0:06:11]} Kf5 {[%clk 0:15:34]} 60. Rxg3 {[%clk 0:05:32]} Ra2+
{[%clk 0:15:14]} 61. Kg1 {[%clk 0:05:24]} Kf4 {[%clk 0:15:08]} 62. Rb3
{[%clk 0:05:16]} Kg4 {[%clk 0:14:28]} 63. Rc3 {[%clk 0:05:10]} Ra4
{[%clk 0:14:05]} 64. Rc1 {[%clk 0:05:02]} Ra3 {[%clk 0:13:58]} 65. Rb1
{[%clk 0:04:55]} Kg3 {[%clk 0:13:52]} 66. Rc1 {[%clk 0:04:48]} g4
{[%clk 0:13:44]} 67. Rb1 {[%clk 0:04:42]} Kh3 {[%clk 0:13:33]} 68. Rc1
{[%clk 0:04:33]} Ra2 {[%clk 0:13:28]} 69. Rb1 {[%clk 0:04:25]} g3
{[%clk 0:13:16]} 70. Rc1 {[%clk 0:04:11]} Rg2+ {[%clk 0:13:09]} 71. Kh1
{[%clk 0:03:52]} Rh2+ {[%clk 0:12:48]} 72. Kg1 {[%clk 0:03:44]} Rg2+
{[%clk 0:12:32]} 73. Kh1 {[%clk 0:03:39]} Rf2 {[%clk 0:12:28]} 74. Kg1
{[%clk 0:03:09]} Rf3 {[%clk 0:11:52]} 75. Rc8 {[%clk 0:02:27]} Rf4
{[%clk 0:11:41]} 76. Rh8+ {[%clk 0:02:19]} Kg4 {[%clk 0:11:35]} 77. Kg2
{[%clk 0:02:13]} Rf2+ {[%clk 0:11:18]} 78. Kg1 {[%clk 0:02:11]} Rf4
{[%clk 0:11:13]} 79. Kg2 {[%clk 0:02:09]} Rf2+ {[%clk 0:11:07]} 80. Kg1
{[%clk 0:02:08]} Rf4 1/2-1/2

[Event "CXU Nytår 2015 Øbro"]
[Site "?"]
[Date "2015.12.29"]
[Round "5.8"]
[White "Jørgen Jørgensen, 2270, Brian"]
[Black "Kristian Ø. Kragh, 2105, Niels"]
[Result "1-0"]
[BlackElo "2105"]
[WhiteElo "2270"]
[LiveChessVersion "1.4.6"]

1. d4 {[%clk 1:55:15]} Nf6 {[%clk 1:58:58]} 2. c4 {[%clk 1:55:10]} e6
{[%clk 1:58:51]} 3. Nc3 {[%clk 1:55:06]} Bb4 {[%clk 1:58:45]} 4. f3
{[%clk 1:55:01]} d5 {[%clk 1:57:44]} 5. a3 {[%clk 1:52:04]} Bxc3+
{[%clk 1:57:25]} 6. bxc3 {[%clk 1:51:57]} c5 {[%clk 1:57:16]} 7. cxd5
{[%clk 1:51:19]} Nxd5 {[%clk 1:57:00]} 8. dxc5 {[%clk 1:49:53]} f5
{[%clk 1:54:04]} 9. c4 {[%clk 1:18:23]} Qf6 {[%clk 1:40:52]} 10. Bd2
{[%clk 1:12:07]} Ne7 {[%clk 1:16:53]} 11. Rc1 {[%clk 1:06:08]} f4
{[%clk 1:12:20]} 12. Nh3 {[%clk 0:54:45]} Qh4+ {[%clk 1:11:11]} 13. Nf2
{[%clk 0:49:39]} Nf5 {[%clk 1:09:21]} 14. g3 {[%clk 0:40:41]} fxg3
{[%clk 1:08:26]} 15. hxg3 {[%clk 0:40:38]} Qxg3 {[%clk 1:07:01]} 16. Rh3
{[%clk 0:40:13]} Qg1 {[%clk 0:57:41]} 17. Bf4 {[%clk 0:34:35]} e5
{[%clk 0:50:03]} 18. Rh1 {[%clk 0:32:37]} Qg6 {[%clk 0:49:49]} 19. Bxe5
{[%clk 0:31:42]} Nc6 {[%clk 0:47:58]} 20. Bd6 {[%clk 0:29:42]} Be6
{[%clk 0:46:03]} 21. Bh3 {[%clk 0:25:02]} O-O-O {[%clk 0:35:37]} 22. Bxf5
{[%clk 0:24:36]} Bxf5 {[%clk 0:31:49]} 23. e4 {[%clk 0:21:33]} Rhe8
{[%clk 0:26:23]} 24. Kf1 {[%clk 0:14:07]} Be6 {[%clk 0:25:07]} 25. f4
{[%clk 0:12:48]} Qf7 {[%clk 0:23:18]} 26. Qb3 {[%clk 0:07:03]} Nd4
{[%clk 0:14:20]} 27. Qa4 {[%clk 0:04:51]} a6 {[%clk 0:12:07]} 28. f5
{[%clk 0:04:09]} Bxf5 {[%clk 0:10:57]} 29. exf5 {[%clk 0:03:39]} Qxf5
{[%clk 0:10:48]} 30. Rh4 {[%clk 0:01:52]} Nf3 {[%clk 0:05:10]} 31. Rf4
{[%clk 0:01:23]} Nd2+ {[%clk 0:04:38]} 32. Kg2 {[%clk 0:01:06]} Qg5+
{[%clk 0:03:32]} 33. Rg4 {[%clk 0:01:05]} Qe3 {[%clk 0:03:17]} 34. Rg3
{[%clk 0:00:48]} Qe2 {[%clk 0:02:11]} 35. Qa5 {[%clk 0:00:45]} Rd7
{[%clk 0:01:49]} 36. Rd1 {[%clk 0:00:23]} Ne4 {[%clk 0:01:35]} 37. Rf1
{[%clk 0:00:06]} Rf7 {[%clk 0:01:13]} 38. c6 {[%clk 0:00:03]} Rxf2+
{[%clk 0:01:04]} 39. Rxf2 {[%clk 0:00:02]} Qxf2+ {[%clk 0:00:52]} 40. Kh3
{[%clk 0:00:01]} Qf5+ {[%clk 0:00:25]} 41. Qxf5+ {[%clk 0:29:58]} 1-0

[Event "CXU Nytår 2015 Øbro"]
[Site "?"]
[Date "2015.12.29"]
[Round "5.9"]
[White "Lund Ertbjerg, 2018, Andreas"]
[Black "Thøgersen, 2169, Rasmus"]
[Result "1/2-1/2"]
[BlackElo "2169"]
[WhiteElo "2018"]
[LiveChessVersion "1.4.6"]

1. e4 c5 {[%clk 1:43:04]} 2. d4 {[%clk 1:59:45]} cxd4 {[%clk 1:42:55]} 3. c3
{[%clk 1:59:39]} Nf6 {[%clk 1:42:51]} 4. e5 {[%clk 1:59:32]} Nd5 {[%clk 1:42:47]}
5. Nf3 {[%clk 1:59:19]} Nc6 {[%clk 1:42:34]} 6. Bc4 {[%clk 1:59:08]} e6
{[%clk 1:42:22]} 7. O-O {[%clk 1:46:22]} d6 {[%clk 1:41:20]} 8. Bxd5
{[%clk 1:37:54]} exd5 {[%clk 1:41:13]} 9. Re1 {[%clk 1:37:50]} dxe5
{[%clk 1:33:41]} 10. Nxe5 {[%clk 1:33:45]} Be7 {[%clk 1:23:37]} 11. Nxc6
{[%clk 1:23:09]} bxc6 {[%clk 1:23:29]} 12. cxd4 {[%clk 1:23:06]} O-O
{[%clk 1:22:37]} 13. Be3 {[%clk 1:20:33]} Bd6 {[%clk 1:15:14]} 14. Nd2
{[%clk 1:05:50]} Rb8 {[%clk 1:11:51]} 15. Qc2 {[%clk 1:00:13]} Bg4
{[%clk 1:01:51]} 16. b3 {[%clk 0:46:21]} Rc8 {[%clk 0:39:16]} 17. Qd3
{[%clk 0:37:02]} Qh4 {[%clk 0:37:17]} 18. Nf1 {[%clk 0:31:34]} Rfe8
{[%clk 0:34:37]} 19. f3 {[%clk 0:27:00]} Bd7 {[%clk 0:31:48]} 20. Bf2
{[%clk 0:26:19]} Qf6 {[%clk 0:31:03]} 21. Rac1 {[%clk 0:23:38]} h5
{[%clk 0:27:12]} 22. Rxe8+ {[%clk 0:18:01]} Rxe8 {[%clk 0:27:06]} 23. Re1
{[%clk 0:17:57]} Rxe1 {[%clk 0:23:25]} 24. Bxe1 {[%clk 0:17:52]} Bf5
{[%clk 0:21:00]} 25. Qc3 {[%clk 0:15:26]} c5 {[%clk 0:17:49]} 26. Bf2
{[%clk 0:14:48]} a6 {[%clk 0:15:58]} 27. Ng3 {[%clk 0:12:03]} Bg6
{[%clk 0:13:43]} 28. Ne2 {[%clk 0:11:38]} cxd4 {[%clk 0:11:03]} 29. Bxd4
{[%clk 0:11:29]} Qh4 {[%clk 0:09:55]} 30. g3 {[%clk 0:08:41]} Qe7
{[%clk 0:09:21]} 31. Kf2 {[%clk 0:08:05]} Qc7 {[%clk 0:03:21]} 32. Bxg7
{[%clk 0:07:36]} Qxc3 {[%clk 0:02:39]} 33. Bxc3 {[%clk 0:07:34]} Bb1
{[%clk 0:02:24]} 34. a3 {[%clk 0:04:23]} Bxa3 {[%clk 0:01:46]} 35. Nf4
{[%clk 0:04:03]} Bc2 {[%clk 0:01:13]} 36. b4 {[%clk 0:02:56]} d4 {[%clk 0:01:07]}
37. Bxd4 {[%clk 0:02:48]} Bxb4 {[%clk 0:01:05]} 38. Nxh5 {[%clk 0:02:46]} a5
{[%clk 0:00:49]} 39. Nf6+ {[%clk 0:02:14]} Kf8 {[%clk 0:00:48]} 40. Ke3
{[%clk 0:01:33]} a4 {[%clk 0:00:20]} 41. h4 {[%clk 0:23:25]} Be7 {[%clk 0:22:39]}
42. h5 {[%clk 0:17:24]} Bxf6 {[%clk 0:11:31]} 43. Bxf6 {[%clk 0:17:18]} a3
{[%clk 0:11:03]} 44. Kf4 {[%clk 0:15:14]} a2 {[%clk 0:09:45]} 45. Kg5
{[%clk 0:14:38]} Kg8 {[%clk 0:09:33]} 46. f4 {[%clk 0:13:58]} Bb1
{[%clk 0:08:22]} 47. Kh6 {[%clk 0:12:18]} Bc2 {[%clk 0:07:58]} 48. g4
{[%clk 0:12:08]} Bd3 {[%clk 0:07:15]} 49. g5 {[%clk 0:11:55]} Bc2
{[%clk 0:06:50]} 50. g6 {[%clk 0:11:43]} fxg6 {[%clk 0:06:11]} 51. hxg6
{[%clk 0:11:34]} Bd3 {[%clk 0:06:02]} 52. Kg5 {[%clk 0:11:17]} Bc2
{[%clk 0:05:21]} 53. f5 {[%clk 0:11:10]} Bd3 {[%clk 0:04:36]} 54. Bd4
{[%clk 0:10:31]} Bc2 {[%clk 0:04:30]} 55. f6 {[%clk 0:10:03]} Bb3
{[%clk 0:04:26]} 56. Kf4 {[%clk 0:09:42]} Bc4 {[%clk 0:04:18]} 57. Ke5
{[%clk 0:09:23]} Kf8 {[%clk 0:03:22]} 58. Kd6 {[%clk 0:08:59]} Ke8
{[%clk 0:03:17]} 59. Kc7 {[%clk 0:08:26]} Bb3 {[%clk 0:03:08]} 60. Bb2
{[%clk 0:04:16]} 1/2-1/2